[Event "Moravia-Silesia Region-chT 2223"]
[Site "Czech Republic"]
[Date "2022.12.11"]
[Round "5"]
[White "Dusek, Libor"]
[Black "Kotlar, Jarmil"]
[Result "1/2-1/2"]
[WhiteElo "1808"]
[BlackElo "1893"]
[PlyCount "45"]
[EventDate "2022.10.09"]
[EventType "team-tourn"]
[EventRounds "11"]
[EventCountry "CZE"]
[SourceTitle "EXT 2024"]
[Source "ChessBase"]
[SourceDate "2023.10.10"]
[SourceVersion "1"]
[SourceVersionDate "2023.10.10"]
[SourceQuality "1"]
[WhiteTeam "Havirov Banik"]
[BlackTeam "Senov"]
[WhiteTeamCountry "CZE"]
[BlackTeamCountry "CZE"]

1. e4 e5 2. d4 d5 3. Nd2 Be7 4. Bd3 c5 5. dxc5 Nf6 6. Qe2 0-0 7. Ngf3 Bxc5 8. 0-0 Nc6 9. c3 Be6 10. b4 Bd6 11. exd5 Bxd5 12. Ng5 h6 13. Nge4 Nxe4 14. Bxe4 Bxe4 15. Nxe4 f5 16. Nxd6 Qxd6 17. Be3 Qe6 18. Rad1 a6 19. a4 Rfd8 20. f3 Rac8 21. Rxd8+ Rxd8 22. Re1 Kh7 23. Bf2 1/2-1/2